000 00434nab a2200145Ia 4500
003 ES-SlBCS
005 20210601125532.0
008 140529s1984 xxu||||| |||| 00| 0 eng d
041 _aeng
100 1 _aMargalit, Baruch
_9160062
245 0 0 _aUgaritic Lexicography III
_c Baruch Margalit
650 0 4 _aUgarítico-Lexicografía
_9160063
773 0 _tRevue Biblique Internacionale
_gvol. 91, 1984, págs. 102-115
_wRev879
942 _cAR
999 _c531873
_d531873